000 00520nam a2200181Ia 4500
005 20250326124100.0
008 250326s9999 xx 000 0 und d
037 _aTextbook
040 _aFMSL
_beng
_cFMSL
041 _aeng
_2eng
084 _aXok8:8 L1
_qFMSL
100 _aHague D C
245 0 _aManagerial economics
_cHague D C
260 _aLondon
_bLondon, English Language Book Society and Longman Group Limited
_c1971
300 _a356p
942 _cTB
_hXok8:8 L1
999 _c1272200
_d1272200